| 000 | 00727cam a2200241 a 4500 | ||
|---|---|---|---|
| 001 | 000009095 | ||
| 005 | 20200929161503.0 | ||
| 008 | 930423s1991 sp 001 f spa d | ||
| 020 | _a842048086X | ||
| 040 |
_aDO-SdBNP _bspa _cNcDaD _dBNPHU _dDLC |
||
| 082 |
_a863.64 _bS714c |
||
| 100 | 1 |
_aSoriano, Mercedes. _923743 |
|
| 245 | 1 | 0 |
_aContra vosotros / _cMercedes Soriano. |
| 260 |
_aMadrid, (España) : _bAlfaguara, _c1991. |
||
| 300 |
_a247 p. ; _c22 cm. |
||
| 490 | 1 |
_aAlfaguara hispánica _v83 |
|
| 650 | 4 |
_aNovela española _91123 |
|
| 650 | 4 |
_aLiteratura española _9632 |
|
| 650 | 4 |
_aPersonalidad _xNovela _923744 |
|
| 830 | 0 |
_aAlfaguara hispánica ; _v83 _94764 |
|
| 910 | _aCatalogación por copia / LC | ||
| 049 | _aBNGR | ||
| 999 |
_c8859 _d8859 |
||